000 00666nam a22001937a 4500
003 AUA.1
005 20251027135640.0
008 250630b |||||||| |||| 00| 0 eng d
040 _cJTL
100 _aBoadu, Edmond Adjei
245 _aA social media evangelistic program to reach out to the 21st century youth :
_ba case study of Gilead Seventh-Day Adventist church /
_cEdmond Adjei Boadu.
260 _cc2024
300 _aviii. 112 leaves :
_bIllustrations :
_c30cm.
610 _aGilead Seventh-day Adventist Church
_zGhana
650 _aSocial media
650 _aEvangelistic work
650 _aYouth
942 _2aua
_cTHESIS
_hMDiv
_i.B63 2024
999 _c25098
_d25098